00233nam a2200109Ia 4500100001700000654000800017245004000025260002000065082001800085300000800103546001200111 aBaird /Sean  aSQL aSQL Server Systems Administration bTechmediac1999 a5.72bBAI/DAR a328 aENGLISH